000 00276nam a22001217a 4500
003 SGT
082 _a618.92
_bP09C
100 _aCHANG,ANNE B
245 _aPEDIATRIC CLINICS OF NORTH AMERICA VOL 56
260 _aPHILADELPHIA
_bSAUNDERS
_c2009
300 _a315
942 _2ddc
_cBK
999 _c14043
_d14043